[Event "ECCC 2013"]
[Site "Rhodes"]
[Date "2013.10.22"]
[Round "3"]
[White "Ochsner, Bjorn Moller"]
[Black "Kirk, Ezra"]
[Result "0-1"]
[WhiteElo "2296"]
[BlackElo "2316"]
[PlyCount "158"]
[EventDate "2013.10.20"]
[EventType "team"]
[EventRounds "7"]
[EventCountry "GRE"]
[WhiteTeam "Jetsmark"]
[BlackTeam "Jutes of Kent"]

1. d4 Nf6 2. g3 g6 3. Bg2 d5 4. Nf3 Bg7 5. O-O O-O 6. c4 c6 7. Qb3 dxc4 8. Qxc4
Nbd7 9. Qc2 Nb6 10. e4 Bg4 11. Rd1 Nfd7 12. h3 Bxf3 13. Bxf3 e5 14. dxe5 Qe7
15. Bg2 Nxe5 16. Na3 c5 17. Be3 c4 18. Bd4 Rfd8 19. Kh1 Rxd4 20. Rxd4 Nd3 21.
Nxc4 Nb4 22. Qd2 Bxd4 23. Qxd4 Nc2 24. Qd1 Nxa1 25. Nxb6 axb6 26. Qxa1 Qc5 27.
Kg1 Rd8 28. b3 b5 29. Bf1 b4 30. Qf6 Rd6 31. Qe7 b6 32. Kg2 Re6 33. Qd8+ Kg7
34. Bc4 Rxe4 35. h4 h5 36. Qd7 Re7 37. Qd8 Qc6+ 38. Kh2 Re1 39. Qd4+ Qf6 40.
Qd2 Rb1 41. Kg2 Rb2 42. Qe3 Rxa2 43. Bd5 Ra1 44. Qd2 Qe5 45. Kh2 Rb1 46. Kg2
Rb2 47. Qd3 Qf6 48. Qe3 Kh7 49. Kg1 Rb1+ 50. Kg2 Rd1 51. Bf3 Rd6 52. Be2 Qd4
53. Qe7 Rf6 54. Bf3 Kg7 55. Qe2 Rf5 56. Qe1 Re5 57. Qc1 Rc5 58. Qb1 Rc3 59. Qa1
Qd3 60. Bb7 Kh7 61. Qa8 Rxb3 62. Bd5 Ra3 63. Qb7 Ra7 64. Qxa7 Qxd5+ 65. Kh2 b5
66. Qe3 Qc4 67. Qe5 Qc3 68. Qxb5 b3 69. g4 Qf3 70. Qb6 hxg4 71. h5 gxh5 72. Qc5
Kg6 73. Kg1 g3 74. Qd6+ f6 75. fxg3 b2 76. Qb8 Qd1+ 77. Kh2 b1=Q 78. Qe8+ Kf5
79. g4+ Kf4 0-1

[Event "ECCC 2013"]
[Site "Rhodes"]
[Date "2013.10.22"]
[Round "3"]
[White "Makolli, Perparim"]
[Black "Nelis, Jean-Francois"]
[Result "0-1"]
[WhiteElo "2251"]
[BlackElo "2234"]
[PlyCount "106"]
[EventDate "2013.10.20"]
[EventType "team"]
[EventRounds "7"]
[EventCountry "GRE"]
[WhiteTeam "Expik Kosova"]
[BlackTeam "Cercle d'Echecs de Monte-Carlo"]

1. e4 e6 2. d4 d5 3. Nd2 Nf6 4. Bd3 c5 5. exd5 Qxd5 6. Ngf3 cxd4 7. Bc4 Qd6 8.
O-O Nc6 9. Nb3 e5 10. Ng5 Be6 11. Nxe6 fxe6 12. Bg5 Be7 13. Qe2 Nd5 14. Nd2
Bxg5 15. Qh5+ g6 16. Qxg5 O-O 17. Ne4 Qe7 18. Qxe7 Ncxe7 19. Ng5 Rac8 20. Bb3
h6 21. Nf3 Nc6 22. Rfe1 Rf5 23. Re4 Kg7 24. Rae1 Kf6 25. Nd2 b5 26. a4 Na5 27.
g4 Nxb3 28. cxb3 Rf4 29. Rxe5 Rxg4+ 30. Kh1 Nf4 31. Rxb5 Nd3 32. h3 Nxf2+ 33.
Kh2 Rf4 34. Kg3 g5 35. Re2 Nd3 36. Ne4+ Kg6 37. Nd6 Rcf8 38. Rxe6+ Kh5 39. Ne4
Nf2 40. Rbe5 Rf3+ 41. Kg2 Nxe4 42. Rxe4 Rf2+ 43. Kg1 Rf1+ 44. Kg2 R8f2+ 45. Kg3
Rf3+ 46. Kg2 R1f2+ 47. Kg1 d3 48. Rd6 Rxb2 49. h4 g4 50. Re5+ Kxh4 51. Rxh6+
Kg3 52. Re1 Rg2+ 53. Kh1 d2 0-1

[Event "ECCC 2013"]
[Site "Rhodes"]
[Date "2013.10.22"]
[Round "3"]
[White "Meylan, Andre"]
[Black "Budima, Armend"]
[Result "1-0"]
[WhiteElo "2159"]
[BlackElo "2226"]
[PlyCount "113"]
[EventDate "2013.10.20"]
[EventType "team"]
[EventRounds "7"]
[EventCountry "GRE"]
[WhiteTeam "Cercle d'Echecs de Monte-Carlo"]
[BlackTeam "Expik Kosova"]

1. e4 c5 2. Nf3 d6 3. d4 cxd4 4. Nxd4 Nf6 5. Nc3 a6 6. a4 e5 7. Nf3 Be7 8. Bg5
Be6 9. Bxf6 Bxf6 10. Nd5 Nc6 11. Bc4 O-O 12. O-O Rc8 13. Ba2 Bxd5 14. Bxd5 Qb6
15. Nd2 Rfd8 16. Nc4 Qc7 17. a5 Ne7 18. Nb6 Rb8 19. Qg4 Nc8 20. Nc4 b5 21. Ne3
Ne7 22. c3 Qd7 23. Qxd7 Rxd7 24. Rfd1 Bg5 25. Nc2 Nxd5 26. Rxd5 Be7 27. Nb4 Ra8
28. Nc6 Bf8 29. f3 Rc7 30. Nb4 Rc4 31. Rd2 f5 32. Nd5 fxe4 33. Nb6 Rac8 34.
fxe4 R8c6 35. Nxc4 Rxc4 36. Re2 Kf7 37. Kf2 Ke6 38. Kf3 Be7 39. g3 h5 40. Rc2
b4 41. h4 d5 42. exd5+ Kxd5 43. Rd2+ Ke6 44. cxb4 e4+ 45. Kg2 Bxb4 46. Ra4 Bxd2
47. Rxc4 Kd5 48. Rc7 Bxa5 49. Ra7 Bb6 50. Rxa6 Bd4 51. b3 Be5 52. Ra4 Bc3 53.
Kf2 Bd4+ 54. Ke2 Bb6 55. b4 Bc7 56. Ra5+ Kd4 57. Rg5 1-0

[Event "ECCC 2013"]
[Site "Rhodes"]
[Date "2013.10.22"]
[Round "3"]
[White "Haskaj, Fatmir"]
[Black "Ribbegren, Karl Johan"]
[Result "0-1"]
[WhiteElo "2223"]
[BlackElo "2157"]
[PlyCount "62"]
[EventDate "2013.10.20"]
[EventType "team"]
[EventRounds "7"]
[EventCountry "GRE"]
[WhiteTeam "Expik Kosova"]
[BlackTeam "Cercle d'Echecs de Monte-Carlo"]

1. e4 c5 2. Ne2 g6 3. g3 d5 4. Bg2 dxe4 5. Bxe4 Nf6 6. Bg2 Nc6 7. Nbc3 Bg7 8.
d3 O-O 9. O-O Qd7 10. Be3 Nd4 11. Qd2 Ng4 12. Ne4 Qc7 13. c3 Nxe3 14. fxe3 Nf5
15. Nf4 Rd8 16. c4 Nxe3 17. Rf3 Nxc4 18. Qc2 Ne5 19. Rff1 Ng4 20. Rae1 Bd4+ 21.
Kh1 e5 22. Nh3 h6 23. Nf6+ Kg7 24. Nd5 Qd6 25. Re4 Qxd5 26. Rxg4 Qxa2 27. Rh4
Qxb2 28. Qd1 Be6 29. Qf3 f5 30. Nf2 Bd5 31. Ne4 Rf8 0-1

[Event "ECCC 2013"]
[Site "Rhodes"]
[Date "2013.10.22"]
[Round "3"]
[White "Iclicki, Willy"]
[Black "Fejzullahu, Afrim"]
[Result "0-1"]
[WhiteElo "1999"]
[BlackElo "2334"]
[PlyCount "60"]
[EventDate "2013.10.20"]
[EventType "team"]
[EventRounds "7"]
[EventCountry "GRE"]
[WhiteTeam "Cercle d'Echecs de Monte-Carlo"]
[BlackTeam "Expik Kosova"]

1. d4 Nf6 2. c4 e6 3. Nf3 d5 4. e3 c5 5. Nc3 cxd4 6. Nxd4 a6 7. cxd5 Nxd5 8.
Nxd5 Qxd5 9. Bd2 e5 10. Qb3 Qxb3 11. Nxb3 Be6 12. Be2 Nc6 13. O-O O-O-O 14.
Rfd1 Nb4 15. Rac1+ Kb8 16. Bc3 Rxd1+ 17. Rxd1 Nc6 18. Bf3 Bb4 19. Bxc6 Bxc3 20.
Bxb7 Kxb7 21. bxc3 Rc8 22. Rc1 Kb6 23. Kf1 a5 24. Rc2 Kb5 25. Nd2 Ka4 26. Ke1
Rb8 27. c4 Ka3 28. Nb3 Bf5 29. Rd2 a4 30. Nc1 Rc8 0-1

[Event "ECCC 2013"]
[Site "Rhodes"]
[Date "2013.10.22"]
[Round "3"]
[White "Ajvazi, Ramadan"]
[Black "Rapaire, Jean-Michel"]
[Result "1-0"]
[WhiteElo "2152"]
[BlackElo "1865"]
[PlyCount "59"]
[EventDate "2013.10.20"]
[EventType "team"]
[EventRounds "7"]
[EventCountry "GRE"]
[WhiteTeam "Expik Kosova"]
[BlackTeam "Cercle d'Echecs de Monte-Carlo"]

1. d4 d5 2. c4 dxc4 3. e3 Nf6 4. Bxc4 e6 5. Nf3 Nbd7 6. O-O Be7 7. Nc3 a6 8. a4
c5 9. Qe2 cxd4 10. Nxd4 Ne5 11. Ba2 Qc7 12. e4 Bd6 13. h3 O-O 14. Be3 Nc6 15.
Rac1 Bf4 16. Nxc6 Bxe3 17. Qxe3 bxc6 18. Rfd1 Bb7 19. e5 Nd7 20. Rd6 Rfd8 21.
Rcd1 Nb6 22. Qc5 Rxd6 23. Rxd6 Rd8 24. Qd4 Rc8 25. Ne4 Nd5 26. Qc5 Qb6 27. Rxd5
Qxb2 28. Rd2 Qa1+ 29. Kh2 Qe1 30. Qe3 1-0

[Event "ECCC 2013"]
[Site "Rhodes"]
[Date "2013.10.22"]
[Round "3"]
[White "Ostenstad, Berge"]
[Black "Jones, Iolo C"]
[Result "1-0"]
[WhiteElo "2465"]
[BlackElo "2190"]
[PlyCount "75"]
[EventDate "2013.10.20"]
[EventType "team"]
[EventRounds "7"]
[EventCountry "GRE"]
[WhiteTeam "Asker"]
[BlackTeam "Cardigan"]

1. d4 Nf6 2. c4 d6 3. Nc3 e5 4. g3 exd4 5. Qxd4 Nc6 6. Qd2 Be6 7. e4 g6 8. b3
Bg7 9. Bb2 O-O 10. Bg2 Re8 11. Nge2 Bd7 12. O-O Qc8 13. Nf4 Ne5 14. Nfd5 Nxd5
15. Nxd5 Bh3 16. f4 Bxg2 17. Kxg2 Nd7 18. Bxg7 Kxg7 19. Qd4+ f6 20. Rad1 Qd8
21. Rfe1 Nb6 22. Nc3 Qe7 23. a4 a5 24. Nb5 Rad8 25. Qd2 Ra8 26. Re3 Qd7 27. c5
Nc8 28. Qc3 Na7 29. Nxa7 Rxa7 30. cxd6 cxd6 31. e5 Re6 32. exf6+ Rxf6 33. Qd4
Ra8 34. Rde1 Qc6+ 35. Kh3 Raf8 36. Re7+ R8f7 37. R1e6 Qc8 38. Qxf6+ 1-0

[Event "ECCC 2013"]
[Site "Rhodes"]
[Date "2013.10.22"]
[Round "3"]
[White "Sahl, Bjarke"]
[Black "Van Kemenade, Rudy"]
[Result "1-0"]
[WhiteElo "2356"]
[BlackElo "2031"]
[PlyCount "77"]
[EventDate "2013.10.20"]
[EventType "team"]
[EventRounds "7"]
[EventCountry "GRE"]
[WhiteTeam "Asker"]
[BlackTeam "Cardigan"]

1. e4 e5 2. Nf3 Nf6 3. Nxe5 d6 4. Nf3 Nxe4 5. Nc3 d5 6. d3 Nf6 7. Be2 Bd6 8.
Nb5 Be7 9. Bf4 Na6 10. O-O O-O 11. c3 c6 12. Nbd4 Nc7 13. Ne5 c5 14. Nc2 Ne6
15. Bg3 d4 16. c4 a5 17. Na3 Nd7 18. Bf3 Nxe5 19. Bxe5 Bd6 20. Re1 Bxe5 21.
Rxe5 Qf6 22. Rd5 Rd8 23. Rxd8+ Nxd8 24. Nb5 Be6 25. Nc7 Rc8 26. Qa4 Nc6 27.
Bxc6 Rxc7 28. Bxb7 Bd7 29. Qxa5 Qe5 30. Bd5 h5 31. b4 h4 32. b5 Rc8 33. Re1 Qg5
34. b6 Be6 35. b7 Rf8 36. Qxc5 Bxd5 37. Qxf8+ Kxf8 38. b8=Q+ Qd8 39. Qxd8# 1-0

[Event "ECCC 2013"]
[Site "Rhodes"]
[Date "2013.10.22"]
[Round "3"]
[White "Haigh, Tony"]
[Black "Hammerstad, Asmund"]
[Result "0-1"]
[WhiteElo "1776"]
[BlackElo "2275"]
[PlyCount "108"]
[EventDate "2013.10.20"]
[EventType "team"]
[EventRounds "7"]
[EventCountry "GRE"]
[WhiteTeam "Cardigan"]
[BlackTeam "Asker"]

1. d4 e6 2. e4 d5 3. exd5 exd5 4. Bd3 Nc6 5. c3 Bd6 6. Nf3 Nge7 7. O-O Bg4 8.
h3 Bh5 9. Be3 Qd7 10. Re1 O-O-O 11. b4 Rde8 12. Nbd2 f6 13. Qc2 g5 14. Nh2 h6
15. b5 Nd8 16. c4 f5 17. f3 g4 18. fxg4 fxg4 19. Nxg4 Bxg4 20. hxg4 Qxg4 21.
Nf1 dxc4 22. Bxc4 Kb8 23. Be2 Qg7 24. Bf3 Rhg8 25. a4 Qf6 26. Be4 Ng6 27. a5
Ne6 28. d5 Nef4 29. Bxg6 Nxg6 30. Qf2 Qxf2+ 31. Bxf2 Be5 32. Ra4 Nf4 33. Rxe5
Nh3+ 34. Kh2 Nxf2 35. Rxe8+ Rxe8 36. Rh4 Kc8 37. Kg3 Ne4+ 38. Kf4 Nc3 39. Rxh6
Nxd5+ 40. Kf3 Rf8+ 41. Ke4 Nc3+ 42. Kd3 Nxb5 43. Ne3 Nd6 44. g4 Kd7 45. Rh7+
Kc6 46. g5 Rg8 47. Rh5 Nf7 48. Nc4 Rxg5 49. Rh7 Ne5+ 50. Nxe5+ Rxe5 51. Rh6+
Kb5 52. Rh7 Rc5 53. Kd4 Rc1 54. Rh5+ c5+ 0-1

[Event "ECCC 2013"]
[Site "Rhodes"]
[Date "2013.10.22"]
[Round "3"]
[White "Ekeberg, Carl Fredrik"]
[Black "Van Kemenade, Julie"]
[Result "1-0"]
[WhiteElo "2288"]
[BlackElo "1743"]
[PlyCount "45"]
[EventDate "2013.10.20"]
[EventType "team"]
[EventRounds "7"]
[EventCountry "GRE"]
[WhiteTeam "Asker"]
[BlackTeam "Cardigan"]

1. c4 d6 2. g3 g6 3. Bg2 Bg7 4. Nc3 e5 5. e4 Nf6 6. Nge2 O-O 7. O-O Ne8 8. d4
Nd7 9. Be3 c6 10. Qd2 Qe7 11. f4 b6 12. Rad1 Nef6 13. h3 Ba6 14. b3 Rad8 15. g4
h5 16. g5 Nh7 17. f5 Bc8 18. f6 Ndxf6 19. gxf6 Bxf6 20. d5 c5 21. Kh2 g5 22.
Ng3 g4 23. Nf5 1-0

[Event "ECCC 2013"]
[Site "Rhodes"]
[Date "2013.10.22"]
[Round "3"]
[White "Sigurjonsson, Stefan Th"]
[Black "Mavreas, Dimitrios"]
[Result "0-1"]
[WhiteElo "2104"]
[BlackElo "1996"]
[PlyCount "120"]
[EventDate "2013.10.20"]
[EventType "team"]
[EventRounds "7"]
[EventCountry "GRE"]
[WhiteTeam "Viking Chess Club"]
[BlackTeam "Ippotis Rodou"]

1. e4 c5 2. d4 cxd4 3. c3 dxc3 4. Nxc3 Nc6 5. Nf3 d6 6. Bc4 a6 7. O-O Nf6 8.
Qe2 Bg4 9. Be3 e6 10. Bb3 Ne5 11. Kh1 Nfd7 12. Bf4 g5 13. Bxe5 Nxe5 14. Qe3
Bxf3 15. gxf3 Qf6 16. Ba4+ b5 17. Bd1 Bh6 18. Qb6 O-O 19. Rg1 Nc4 20. e5 Qxe5
21. Qb7 d5 22. Ne2 Rfb8 23. Qe7 Re8 24. Qb7 Qb8 25. Qxb8 Raxb8 26. b3 Nd2 27.
f4 Ne4 28. Rg2 Bg7 29. Rb1 h6 30. f3 Nd2 31. Rc1 Rbc8 32. Rxc8 Rxc8 33. Ng3 Nb1
34. fxg5 Rc1 35. Rg1 Bd4 36. Rf1 Nc3 37. Ne2 Rxd1 38. Rxd1 Nxd1 39. Nxd4 hxg5
40. a4 bxa4 41. bxa4 Nb2 42. a5 Nc4 43. Nc6 Kg7 44. Kg2 Kf6 45. Kf2 Kf5 46. Nb4
Nxa5 47. Nxa6 Nc4 48. Nb4 Ke5 49. Ke2 Nd6 50. Kd3 Nf5 51. Ke2 Kd6 52. Nd3 e5
53. Nf2 f6 54. Ng4 Ke6 55. Kd3 Ne7 56. Ne3 Nc6 57. Nc2 f5 58. Ne1 Nd4 59. Ke3
f4+ 60. Kd3 Nxf3 0-1

[Event "ECCC 2013"]
[Site "Rhodes"]
[Date "2013.10.22"]
[Round "3"]
[White "Rousos, Stamatios"]
[Black "Runarsson, Gunnar"]
[Result "0-1"]
[WhiteElo "1369"]
[BlackElo "2074"]
[PlyCount "94"]
[EventDate "2013.10.20"]
[EventType "team"]
[EventRounds "7"]
[EventCountry "GRE"]
[WhiteTeam "Ippotis Rodou"]
[BlackTeam "Viking Chess Club"]

1. e4 c6 2. Nf3 d5 3. Nc3 Bg4 4. exd5 cxd5 5. d4 Nf6 6. Be2 e6 7. O-O Be7 8. h3
Bf5 9. Bb5+ Nc6 10. Ne5 Qb6 11. Be3 O-O 12. Rb1 h6 13. a3 Rac8 14. Re1 Rfd8 15.
Be2 Ne4 16. Nxe4 Bxe4 17. Bh5 Nxe5 18. dxe5 Qc7 19. Rc1 Qxe5 20. c3 b6 21. Bd4
Qg5 22. g3 Bc5 23. h4 Qf5 24. Bg4 Qg6 25. Bh3 h5 26. Kh2 Bf5 27. Bxf5 Qxf5 28.
Re5 Qf6 29. f4 Bxd4 30. Qxd4 Rc4 31. Qe3 Re4 32. Rxe4 dxe4 33. Qxe4 Rd2+ 34.
Kg1 Rxb2 35. Qf3 Qf5 36. a4 e5 37. Rd1 e4 38. Qe3 Qc5 39. Rd8+ Kh7 40. Rd4 f5
41. Qc1 Ra2 42. Qd1 Kh6 43. Kh1 Qxc3 44. Rd6+ g6 45. Rxg6+ Kxg6 46. Qd6+ Qf6
47. Qd5 Qa1+ 0-1

[Event "ECCC 2013"]
[Site "Rhodes"]
[Date "2013.10.22"]
[Round "3"]
[White "Murray, David"]
[Black "Wegerle, Joerg"]
[Result "0-1"]
[WhiteElo "2162"]
[BlackElo "2438"]
[PlyCount "58"]
[EventDate "2013.10.20"]
[EventType "team"]
[EventRounds "7"]
[EventCountry "GRE"]
[WhiteTeam "Gonzaga"]
[BlackTeam "Schachgesellschaft Solingen"]

1. e4 c5 2. Nf3 a6 3. c3 d5 4. exd5 Qxd5 5. d4 Nf6 6. Qb3 e6 7. Be3 Nbd7 8. c4
Qc6 9. Nc3 Bd6 10. Be2 O-O 11. O-O Qc7 12. g3 b6 13. Rad1 Bb7 14. Qc2 Rfe8 15.
Ng5 cxd4 16. Bxd4 e5 17. Be3 e4 18. Nh3 Rad8 19. Qb3 Nc5 20. Qc2 Qc8 21. Nf4
Bxf4 22. gxf4 Qh3 23. Kh1 Nd3 24. Rd2 Nxf2+ 25. Rxf2 Qxe3 26. Rxd8 Rxd8 27. Kg1
Rd2 28. Qc1 Ng4 29. Nd1 Rxd1+ 0-1

[Event "ECCC 2013"]
[Site "Rhodes"]
[Date "2013.10.22"]
[Round "3"]
[White "Schaefer, Markus"]
[Black "Freeman, Gordon"]
[Result "1-0"]
[WhiteElo "2404"]
[BlackElo "2056"]
[PlyCount "71"]
[EventDate "2013.10.20"]
[EventType "team"]
[EventRounds "7"]
[EventCountry "GRE"]
[WhiteTeam "Schachgesellschaft Solingen"]
[BlackTeam "Gonzaga"]

1. e4 d6 2. d4 g6 3. c3 Nf6 4. Qc2 Bg7 5. Nf3 O-O 6. Be2 Nbd7 7. O-O e5 8. dxe5
dxe5 9. Rd1 Qe7 10. b3 b6 11. Ba3 Nc5 12. c4 Bb7 13. Nc3 Rfd8 14. Nd5 Nxd5 15.
cxd5 Bf8 16. Rac1 Qe8 17. b4 Na6 18. Qb3 Bd6 19. Nd2 Qe7 20. Rb1 Nb8 21. Nc4
Nd7 22. Bc1 Kh8 23. a3 f5 24. exf5 gxf5 25. Qh3 f4 26. Bg4 Nf6 27. Be6 Bc8 28.
Bb2 Re8 29. Nxe5 Bxe6 30. dxe6 Bxe5 31. Bxe5 Qxe6 32. Qxe6 Rxe6 33. Bxf4 Re2
34. Bxc7 Rc8 35. Rbc1 Ne8 36. Be5+ 1-0

[Event "ECCC 2013"]
[Site "Rhodes"]
[Date "2013.10.22"]
[Round "3"]
[White "Delaney, Killian"]
[Black "Michalczak, Thomas"]
[Result "0-1"]
[WhiteElo "2129"]
[BlackElo "2305"]
[PlyCount "76"]
[EventDate "2013.10.20"]
[EventType "team"]
[EventRounds "7"]
[EventCountry "GRE"]
[WhiteTeam "Gonzaga"]
[BlackTeam "Schachgesellschaft Solingen"]

1. e4 e5 2. Nf3 Nc6 3. Bc4 Nf6 4. d3 Bc5 5. c3 a6 6. Bb3 Ba7 7. Nbd2 O-O 8. O-O
d6 9. Re1 Ng4 10. Re2 Kh8 11. h3 Nh6 12. Nf1 f5 13. Bxh6 gxh6 14. d4 fxe4 15.
Rxe4 d5 16. Re3 exd4 17. cxd4 Rf4 18. g3 Rf6 19. g4 h5 20. Qe2 Rf8 21. gxh5
Nxd4 22. Nxd4 Bxd4 23. Rf3 Qg5+ 24. Kh2 Rg8 25. Ng3 Qh4 26. Nf5 Qg5 27. Ng3 c6
28. Rd1 Be5 29. Re1 Bd6 30. Qe3 Qxe3 31. Rexe3 Bd7 32. Rf7 Rg7 33. Rxg7 Kxg7
34. Kg2 Rf8 35. Bc2 Bc5 36. Re2 b5 37. Bd3 a5 38. Re5 Rxf2+ 0-1

[Event "ECCC 2013"]
[Site "Rhodes"]
[Date "2013.10.22"]
[Round "3"]
[White "Kniest, Oliver"]
[Black "Hayes, Peter J"]
[Result "0-1"]
[WhiteElo "2305"]
[BlackElo "2029"]
[PlyCount "86"]
[EventDate "2013.10.20"]
[EventType "team"]
[EventRounds "7"]
[EventCountry "GRE"]
[WhiteTeam "Schachgesellschaft Solingen"]
[BlackTeam "Gonzaga"]

1. Nf3 d5 2. d4 Nf6 3. c4 c6 4. e3 Bg4 5. Qb3 Qb6 6. Ne5 Bf5 7. Nc3 e6 8. Bd3
Bxd3 9. Nxd3 Nbd7 10. Bd2 Qa6 11. Nf4 dxc4 12. Qd1 Bd6 13. Nh5 O-O-O 14. O-O
Rhg8 15. f4 c5 16. Nxf6 Nxf6 17. Qe2 Kb8 18. a4 cxd4 19. exd4 Nd5 20. Nb5 Rc8
21. f5 Rge8 22. fxe6 fxe6 23. Rf7 Qb6 24. Rd7 Bf8 25. Bc3 a6 26. Qe5+ Ka8 27.
Nd6 Qc6 28. Nxc8 Qxd7 29. Qxd5 Qxd5 30. Nb6+ Kb8 31. Nxd5 exd5 32. Rf1 Be7 33.
Re1 Kc7 34. Re5 Kd7 35. Rxd5+ Bd6 36. Rf5 g6 37. Rf3 Kc6 38. Kf2 b5 39. axb5+
axb5 40. Rf7 Rf8 41. Rxf8 Bxf8 42. Ba5 Kd5 43. Bb6 Bh6 0-1

[Event "ECCC 2013"]
[Site "Rhodes"]
[Date "2013.10.22"]
[Round "3"]
[White "Byrne, Ray"]
[Black "Gupta, Milon"]
[Result "0-1"]
[WhiteElo "1995"]
[BlackElo "2287"]
[PlyCount "104"]
[EventDate "2013.10.20"]
[EventType "team"]
[EventRounds "7"]
[EventCountry "GRE"]
[WhiteTeam "Gonzaga"]
[BlackTeam "Schachgesellschaft Solingen"]

1. d4 Nf6 2. c4 g6 3. Nc3 d5 4. Nf3 Bg7 5. e3 O-O 6. cxd5 Nxd5 7. Bc4 Nb6 8.
Bb3 c5 9. O-O cxd4 10. exd4 Nc6 11. d5 Na5 12. Bg5 Re8 13. Re1 Bg4 14. h3 Bxf3
15. Qxf3 Nxb3 16. axb3 Bxc3 17. bxc3 Qxd5 18. Rxe7 Rxe7 19. Bxe7 Qxf3 20. gxf3
Nd5 21. Bc5 Nxc3 22. Rxa7 Rxa7 23. Bxa7 Kf8 24. Kg2 Ke7 25. Kg3 Ne2+ 26. Kg4
h5+ 27. Kh4 Kf6 28. Bb6 Kf5 29. Be3 b5 30. b4 Kf6 31. f4 Kf5 32. f3 Nc3 33. Bd2
Nd5 34. Kg3 Ke6 35. Kh4 Kf6 36. Kg3 Ne7 37. Bc3+ Ke6 38. Kh4 f6 39. Kg3 Nd5 40.
Bd2 Nb6 41. Kh4 Nc4 42. Bc3 Kf5 43. Kg3 Ne3 44. h4 Ke6 45. Kh3 f5 46. Bd2 Nc2
47. Kg2 Kd5 48. Kf2 Kc4 49. Ke2 Nxb4 50. Kd1 Nc6 51. Kc1 Nd4 52. Kb2 Nxf3 0-1

[Event "ECCC 2013"]
[Site "Rhodes"]
[Date "2013.10.22"]
[Round "3"]
[White "Shengelia, David"]
[Black "Grant, Jonathan I M"]
[Result "1-0"]
[WhiteElo "2556"]
[BlackElo "2236"]
[PlyCount "81"]
[EventDate "2013.10.20"]
[EventType "team"]
[EventRounds "7"]
[EventCountry "GRE"]
[WhiteTeam "SK Advisory Invest Baden"]
[BlackTeam "Edinburgh West Chess Club"]

1. d4 Nf6 2. c4 e6 3. Nc3 Bb4 4. e3 O-O 5. Bd3 d5 6. a3 Bxc3+ 7. bxc3 c5 8. Ne2
Qc7 9. cxd5 exd5 10. O-O Nc6 11. f3 Re8 12. Ra2 Be6 13. g4 Rad8 14. Nf4 Ne7 15.
Rg2 Ng6 16. Nxg6 fxg6 17. Qe1 Rf8 18. Qg3 Qxg3 19. hxg3 Rc8 20. g5 Ne8 21. g4
Nd6 22. Bb1 cxd4 23. cxd4 Rc3 24. Rb2 Nc4 25. Rxb7 Bxg4 26. fxg4 Rxf1+ 27. Kxf1
Rxc1+ 28. Ke2 Rc3 29. Bd3 Rxa3 30. Bxc4 dxc4 31. Rc7 Ra2+ 32. Kf3 Ra4 33. d5
Kf8 34. e4 h5 35. gxh5 gxh5 36. d6 Ra3+ 37. Kf4 Rd3 38. Ke5 Ke8 39. Ke6 Kd8 40.
Rxg7 Kc8 41. Rc7+ 1-0

[Event "ECCC 2013"]
[Site "Rhodes"]
[Date "2013.10.22"]
[Round "3"]
[White "Farrell, Neil"]
[Black "Lendwai, Reinhard"]
[Result "0-1"]
[WhiteElo "2147"]
[BlackElo "2379"]
[PlyCount "56"]
[EventDate "2013.10.20"]
[EventType "team"]
[EventRounds "7"]
[EventCountry "GRE"]
[WhiteTeam "Edinburgh West Chess Club"]
[BlackTeam "SK Advisory Invest Baden"]

1. d4 d5 2. c4 e6 3. Nc3 c6 4. e3 f5 5. f4 Nf6 6. Nf3 Be7 7. Bd3 O-O 8. O-O Ne4
9. Qc2 b6 10. b3 Bb7 11. Bb2 Nd7 12. Ne5 Rc8 13. Nxe4 Nxe5 14. fxe5 dxe4 15.
Be2 Bg5 16. Qc3 Bh6 17. a4 Qg5 18. Bc1 c5 19. g3 Qg6 20. b4 cxd4 21. exd4 f4
22. Ra2 e3 23. Bf3 Bxf3 24. Rxf3 Qe4 25. Rxf4 Bxf4 26. gxf4 Rxf4 27. Qxe3 Rg4+
28. Kf1 Qh1+ 0-1

[Event "ECCC 2013"]
[Site "Rhodes"]
[Date "2013.10.22"]
[Round "3"]
[White "Ganaus, Hannes"]
[Black "Neave, George"]
[Result "1/2-1/2"]
[WhiteElo "2302"]
[BlackElo "2151"]
[PlyCount "111"]
[EventDate "2013.10.20"]
[EventType "team"]
[EventRounds "7"]
[EventCountry "GRE"]
[WhiteTeam "SK Advisory Invest Baden"]
[BlackTeam "Edinburgh West Chess Club"]

1. d4 Nf6 2. Nf3 g6 3. c4 c5 4. e3 Bg7 5. Nc3 O-O 6. Be2 cxd4 7. exd4 d5 8. O-O
Nc6 9. Bg5 Be6 10. c5 Ne4 11. Be3 Nxc3 12. bxc3 b6 13. cxb6 axb6 14. Qd2 Na5
15. Bh6 Bg4 16. Bxg7 Kxg7 17. Ne5 Bxe2 18. Qxe2 Rc8 19. Rac1 Nc4 20. Rb1 Nxe5
21. Qxe5+ Kg8 22. Qe3 Rc6 23. Rb3 Qc7 24. Re1 Re6 25. Qd2 Rxe1+ 26. Qxe1 Ra8
27. Qb1 Ra6 28. Qb2 Qa7 29. a3 Qc7 30. h3 e6 31. g3 Qa7 32. h4 h5 33. Kh2 Kh7
34. Kg2 Kg8 35. Qc1 Ra4 36. Qb2 Ra6 37. Kh2 Kh7 38. Qc1 Ra4 39. Qf4 Kg8 40. Qd6
Ra6 41. a4 Kh7 42. Rb5 Qa8 43. Qf4 Qa7 44. Qd6 Qa8 45. Kg2 Kg7 46. Qc7 Qa7 47.
Qd8 Qa8 48. Qd6 Qa7 49. Qe5+ Kh7 50. Qd6 Kg7 51. Qc6 Qa8 52. Qd7 Qa7 53. Qd8
Qa8 54. Qc7 Qa7 55. Qe5+ Kh7 56. Qd6 1/2-1/2

[Event "ECCC 2013"]
[Site "Rhodes"]
[Date "2013.10.22"]
[Round "3"]
[White "Buchanan, Walter F"]
[Black "Dzierzenga, Stefan"]
[Result "0-1"]
[WhiteElo "2122"]
[BlackElo "2173"]
[PlyCount "104"]
[EventDate "2013.10.20"]
[EventType "team"]
[EventRounds "7"]
[EventCountry "GRE"]
[WhiteTeam "Edinburgh West Chess Club"]
[BlackTeam "SK Advisory Invest Baden"]

1. d4 Nf6 2. Nf3 c5 3. e3 d5 4. b3 cxd4 5. exd4 Bg4 6. Be2 e6 7. O-O Be7 8. Bb2
O-O 9. Nbd2 Nc6 10. h3 Bh5 11. Ne5 Bxe2 12. Qxe2 Rc8 13. f4 Qa5 14. c3 Ba3 15.
Bxa3 Qxa3 16. Qd3 Qa5 17. Rf3 Ne7 18. a4 Nf5 19. b4 Qc7 20. Raf1 Nd6 21. Rc1
Nfe4 22. Re3 f6 23. Nef3 Qd7 24. a5 Rc7 25. Nb3 b6 26. axb6 axb6 27. Nfd2 f5
28. Nxe4 fxe4 29. Qf1 Rfc8 30. Qe1 Nf5 31. Re2 Qa4 32. Rb2 Qd7 33. Nd2 Nxd4 34.
Nf1 Nb5 35. Rbc2 Na3 36. Ra2 Nc4 37. Rca1 Qf7 38. Qc1 h6 39. Ra8 Kh7 40. R1a6
Qf6 41. Ng3 Rxa8 42. Rxa8 Nd6 43. Ne2 Nb5 44. Qe3 Nxc3 45. Nxc3 Rxc3 46. Qe1
Rc4 47. Qg3 Rxb4 48. f5 Qxf5 49. Qb8 Rb1+ 50. Kh2 Rf1 51. Kg3 Qg5+ 52. Kh2 Qf4+
0-1

[Event "ECCC 2013"]
[Site "Rhodes"]
[Date "2013.10.22"]
[Round "3"]
[White "Herndlbauer, Martin"]
[Black "Campbell, Alistair"]
[Result "1/2-1/2"]
[WhiteElo "2125"]
[BlackElo "2007"]
[PlyCount "72"]
[EventDate "2013.10.20"]
[EventType "team"]
[EventRounds "7"]
[EventCountry "GRE"]
[WhiteTeam "SK Advisory Invest Baden"]
[BlackTeam "Edinburgh West Chess Club"]

1. d4 d5 2. c4 e6 3. Nc3 Nf6 4. cxd5 exd5 5. Bg5 Be7 6. e3 O-O 7. Bd3 c6 8. Qc2
Nbd7 9. Nf3 Re8 10. h3 Nf8 11. Bf4 Bd6 12. Bxd6 Qxd6 13. O-O-O b5 14. Kb1 a5
15. Rc1 Ba6 16. Ne2 b4 17. Bxa6 Rxa6 18. Ne5 Rc8 19. Nd3 N8d7 20. Nef4 a4 21.
Rhd1 b3 22. Qe2 bxa2+ 23. Kxa2 Rca8 24. f3 a3 25. b4 g5 26. Nc5 Nxc5 27. bxc5
Qe7 28. Nd3 Ra4 29. Qd2 h6 30. Rb1 Qc7 31. Rb3 Kg7 32. Rdb1 R4a7 33. Ne5 Nd7
34. Nd3 Nf6 35. Ne5 Nd7 36. Nd3 Nf6 1/2-1/2

[Event "ECCC 2013"]
[Site "Rhodes"]
[Date "2013.10.22"]
[Round "3"]
[White "Nachbar, Benjamin"]
[Black "Hamitevici, Vladimir"]
[Result "0-1"]
[WhiteElo "2188"]
[BlackElo "2490"]
[PlyCount "42"]
[EventDate "2013.10.20"]
[EventType "team"]
[EventRounds "7"]
[EventCountry "GRE"]
[WhiteTeam "SV Muelheim Nord 1931"]
[BlackTeam "The Smashing Pawns Belvaux"]

1. c4 b6 2. Nc3 Bb7 3. d4 e6 4. a3 f5 5. d5 Nf6 6. Nf3 Be7 7. g3 O-O 8. Bg2 Na6
9. Nd2 Bd6 10. b4 c5 11. dxc6 Bxc6 12. Nf3 Be5 13. Bb2 Rc8 14. Nxe5 Bxg2 15.
Rg1 d6 16. Rxg2 dxe5 17. Qa4 Nb8 18. c5 bxc5 19. bxc5 Qe7 20. Nb5 Rxc5 21. f4
Qb7 0-1